[Event "ShakkiNet"]
[Site "Helsinki"]
[Date "2014.06.09"]
[Round "1.1"]
[White "Kiik, Kalle"]
[Black "Yemelin, Vasily"]
[Result "0-1"]
[WhiteElo "2422"]
[BlackElo "2556"]
[PlyCount "116"]
[EventDate "2014.??.??"]
[WhiteClock "0:03:41"]
[BlackClock "0:00:46"]

1. d4 Nf6 2. Bg5 d5 3. Nd2 Bf5 4. e3 e6 5. Ngf3 Nbd7 6. Bd3 Bg6 7. Ne5 Be7 8.
Nxg6 hxg6 9. f4 Nh7 10. Bxe7 Qxe7 11. Qe2 g5 12. O-O-O O-O-O 13. Kb1 g6 14. Rc1
Kb8 15. fxg5 Nxg5 16. h4 Nh7 17. c4 Nhf6 18. c5 c6 19. Nb3 e5 20. Qd2 exd4 21.
exd4 Ne4 22. Qb4 Ka8 23. Na5 Rb8 24. Qa4 Rbc8 25. Qb4 Rc7 26. Qe1 Ndf6 27. Rh3
Ng4 28. Bf1 Nef2 29. Rb3 Qxe1 30. Rxe1 Ne4 31. Rh3 f5 32. b4 Rch7 33. Kc2 Rxh4
34. Rb3 Rh1 35. b5 cxb5 36. Rxb5 Rxf1 37. Rxf1 Ne3+ 38. Kd3 Nxf1 39. Rxb7 Rc8
40. Rd7 Nf6 41. Rf7 Nh5 42. Nb7 Nf4+ 43. Kc3 Ng3 44. Nd6 Ne4+ 45. Kb4 Nxd6 46.
cxd6 Kb8 47. Re7 Rc4+ 48. Kb5 a6+ 49. Kb6 Kc8 50. a4 Nxg2 51. a5 f4 52. Rf7 Ne3
53. Kxa6 Nf5 54. Kb6 f3 55. a6 f2 56. a7 Ra4 57. Kc6 Ra6+ 58. Kxd5 f1=Q 0-1

[Event "ShakkiNet"]
[Site "Helsinki"]
[Date "2014.06.09"]
[Round "1.2"]
[White "Kanep, Meelis"]
[Black "Agopov, Mikael"]
[Result "1/2-1/2"]
[WhiteElo "2522"]
[BlackElo "2431"]
[PlyCount "100"]
[EventDate "2014.??.??"]
[WhiteClock "0:13:16"]
[BlackClock "0:10:55"]

1. Nf3 c5 2. g3 Nc6 3. Bg2 e5 4. O-O d5 5. d3 Nf6 6. Bg5 Be7 7. Nfd2 Ng8 8.
Bxe7 Ngxe7 9. c4 d4 10. a3 O-O 11. Ne4 Qb6 12. b4 cxb4 13. axb4 Nxb4 14. Na3
Bd7 15. Qd2 a5 16. c5 Qc7 17. Nc4 Ned5 18. Ned6 Be6 19. Nxe5 Qxc5 20. Ne4 Qe7
21. Nf3 Nc6 22. Rfc1 Ndb4 23. Nc5 Bd5 24. Qb2 Rfd8 25. Na4 b5 26. Nb6 Bxf3 27.
Bxf3 Rab8 28. Bxc6 Rxb6 29. Be4 Ra6 30. Qd2 g6 31. Qf4 a4 32. Rc7 Qe8 33. Qg5
Rad6 34. Rc5 Na6 35. Re5 Re6 36. Rxe6 fxe6 37. h4 Rc8 38. Qf6 Nc5 39. h5 Qf7
40. Qe5 Nxe4 41. dxe4 d3 42. exd3 Rc2 43. f4 Qa7+ 44. d4 Rd2 45. Qxe6+ Kg7 46.
Qe5+ Kf7 47. Qd5+ Kg7 48. Qe5+ Kf7 49. Qd5+ Kg7 50. Qe5+ Kf7 1/2-1/2

[Event "ShakkiNet"]
[Site "Helsinki"]
[Date "2014.06.09"]
[Round "1.3"]
[White "Solozhenkin, Evgeniy"]
[Black "Norri, Joose"]
[Result "1-0"]
[WhiteElo "2457"]
[BlackElo "2356"]
[PlyCount "49"]
[EventDate "2014.??.??"]
[WhiteClock "0:15:15"]
[BlackClock "0:30:52"]

1. e4 e5 2. Nf3 Nc6 3. d4 exd4 4. Nxd4 Bc5 5. Nxc6 Qf6 6. Qd2 dxc6 7. Nc3 Bd4
8. Bd3 Be6 9. O-O O-O-O 10. Na4 c5 11. c3 Ne7 12. Qe2 Bd7 13. cxd4 Bxa4 14. d5
Ng6 15. f4 Rhe8 16. Qf2 Qe7 17. b4 f5 18. e5 Rxd5 19. Bxf5+ Bd7 20. Bxd7+ Kxd7
21. bxc5 Qxc5 22. Be3 Qa5 23. Qf3 Kc8 24. Qh3+ Kb8 25. Qxh7 1-0

[Event "ShakkiNet"]
[Site "Helsinki"]
[Date "2014.06.09"]
[Round "1.4"]
[White "Järvenpää, Jari"]
[Black "Ebeling, Daniel"]
[Result "1/2-1/2"]
[WhiteElo "2285"]
[BlackElo "2415"]
[PlyCount "100"]
[EventDate "2014.??.??"]
[WhiteClock "0:03:17"]
[BlackClock "0:28:57"]

1. d4 Nf6 2. c4 e6 3. Nf3 c5 4. d5 b5 5. Bf4 Bb7 6. Nc3 exd5 7. Nxb5 d6 8. Qb3
Be7 9. O-O-O O-O 10. cxd5 c4 11. Qa3 Ne4 12. Bg3 Qb6 13. Nc3 Nxg3 14. fxg3 Qe3+
15. Kb1 Nd7 16. Nd4 Nc5 17. Nf5 Qe5 18. Nxe7+ Qxe7 19. e4 Nxe4 20. Bxc4 Rac8
21. Nxe4 Qxe4+ 22. Bd3 Qxg2 23. Qxa7 Bxd5 24. Rhg1 Qxh2 25. Qd4 Rb8 26. Rd2 Qh5
27. Qxd5 Qxd5 28. Bxh7+ Kxh7 29. Rxd5 Rb6 30. Rgd1 Rd8 31. R1d4 Rdb8 32. b3 Re8
33. Rxd6 Rb5 34. R6d5 Rb6 35. Rd3 Re2 36. Rd2 Re1+ 37. Rd1 Re2 38. R5d2 Re4 39.
Rd4 Re2 40. Rh1+ Kg6 41. Rg4+ Kf5 42. Rxg7 Ra6 43. a4 Rd6 44. Rf1+ Ke6 45.
Rgxf7 Rdd2 46. R1f6+ Ke5 47. Rf5+ Ke6 48. R5f6+ Ke5 49. Rf5+ Ke6 50. R5f6+ Ke5
1/2-1/2

[Event "ShakkiNet"]
[Site "Helsinki"]
[Date "2014.06.09"]
[Round "1.5"]
[White "Luukkonen, Tommi"]
[Black "Kokkila, Tero"]
[Result "1/2-1/2"]
[WhiteElo "2348"]
[BlackElo "2304"]
[PlyCount "98"]
[EventDate "2014.??.??"]
[WhiteClock "0:19:15"]
[BlackClock "0:12:00"]

1. d4 d5 2. c4 c6 3. Nf3 Nf6 4. e3 e6 5. b3 Bb4+ 6. Nbd2 Ne4 7. Bd3 Nd7 8. O-O
f5 9. a3 Bd6 10. b4 O-O 11. Bb2 Qf6 12. b5 g5 13. g3 Qg7 14. a4 g4 15. Nh4 Bb4
16. Nxe4 fxe4 17. cxd5 cxd5 18. Be2 Nf6 19. Rc1 Bd6 20. Qb3 Qe7 21. Ng2 Bd7 22.
Nf4 Rac8 23. Ra1 Kg7 24. Kg2 Be8 25. Rh1 Bg6 26. h3 Bf5 27. hxg4 Bxg4 28. Bxg4
Nxg4 29. Rh4 Bxf4 30. Rah1 Bh6 31. Rxg4+ Bg5 32. Ba3 Qf6 33. Bxf8+ Rxf8 34.
Rxg5+ Qxg5 35. Qc2 Rf7 36. Rh4 Qf5 37. Rf4 Qh5 38. Rxf7+ Kxf7 39. Qc7+ Kg6 40.
Qf4 Qd1 41. g4 Qxa4 42. g5 Qd1 43. Qf6+ Kh5 44. Qh6+ Kg4 45. Qxe6+ Kh4 46. Qxd5
Qf3+ 47. Kf1 Qd1+ 48. Kg2 Qf3+ 49. Kf1 Qd1+ 1/2-1/2

[Event "ShakkiNet"]
[Site "Helsinki"]
[Date "2014.06.10"]
[Round "2.1"]
[White "Solozhenkin, Evgeniy"]
[Black "Kanep, Meelis"]
[Result "0-1"]
[WhiteElo "2457"]
[BlackElo "2522"]
[PlyCount "152"]
[EventDate "2014.??.??"]

1. e4 c5 2. c3 Nf6 3. e5 Nd5 4. d4 cxd4 5. cxd4 e6 6. Nf3 d6 7. a3 Bd7 8. Bd3
Bc6 9. O-O Be7 10. Re1 Nd7 11. Bc2 Qc7 12. Nbd2 dxe5 13. dxe5 O-O-O 14. Qe2 Nf4
15. Qc4 g5 16. Be4 Nxe5 17. Nxe5 Qxe5 18. Nf3 Qb5 19. Qc2 Nd3 20. Re3 Nc5 21.
Bxc6 bxc6 22. a4 Qb7 23. Rc3 Rd5 24. Bxg5 Rhd8 25. Bxe7 Qxe7 26. b4 Nd3 27. b5
c5 28. h3 Kb7 29. a5 Qf6 30. a6+ Kb8 31. Raa3 Qg6 32. Rc4 h5 33. Rac3 Qf5 34.
Qe2 Nf4 35. Qe4 Qxe4 36. Rxe4 Nd3 37. g3 Kc7 38. h4 Kb6 39. Ng5 Rf5 40. f4 Kxb5
41. Kf1 Nb4 42. Ke2 Nxa6 43. Ra3 c4 44. Ree3 Rd7 45. Ne4 Nc5 46. Nc3+ Kc6 47.
Na2 Nb3 48. Ra4 Rc5 49. Rc3 Nd4+ 50. Ke1 Kd5 51. Nb4+ Ke4 52. Na6 Rc8 53. Raxc4
Rxc4 54. Rxc4 Kf3 55. Rc3+ Kg2 56. Nc5 Rd5 57. Ne4 f5 58. Nf6 Nf3+ 59. Ke2 Rd2+
60. Ke3 Ra2 61. Nxh5 a5 62. Ng7 Kxg3 63. Nxe6 Nxh4 64. Kd4+ Kg4 65. Ke5 a4 66.
Kf6 a3 67. Rc8 Rf2 68. Rg8+ Kf3 69. Ra8 a2 70. Kg5 Rh2 71. Ng7 Ke4 72. Ra4+ Kd3
73. Nxf5 Nf3+ 74. Kf6 Kc3 75. Ra8 Kb2 76. Rb8+ Kc1 0-1

[Event "ShakkiNet"]
[Site "Helsinki"]
[Date "2014.06.10"]
[Round "2.2"]
[White "Yemelin, Vasily"]
[Black "Järvenpää, Jari"]
[Result "1-0"]
[WhiteElo "2556"]
[BlackElo "2285"]
[PlyCount "45"]
[EventDate "2014.??.??"]

1. e4 c5 2. Nf3 d6 3. d4 cxd4 4. Nxd4 Nf6 5. Nc3 a6 6. Be3 e6 7. Qf3 Qc7 8. g4
b5 9. g5 Nfd7 10. a3 Ne5 11. Qg3 Nbd7 12. Rd1 Bb7 13. f4 Nc4 14. Bc1 Rc8 15. f5
exf5 16. Bxc4 Qxc4 17. Nxf5 Ne5 18. Rxd6 Qc5 19. Be3 Qxd6 20. Nxd6+ Bxd6 21.
Bf4 f6 22. gxf6 gxf6 23. Qg7 1-0

[Event "ShakkiNet"]
[Site "Helsinki"]
[Date "2014.06.10"]
[Round "2.3"]
[White "Agopov, Mikael"]
[Black "Luukkonen, Tommi"]
[Result "0-1"]
[WhiteElo "2431"]
[BlackElo "2348"]
[PlyCount "118"]
[EventDate "2014.??.??"]

1. e4 g6 2. d4 Bg7 3. Nc3 d6 4. Be3 a6 5. Qd2 Nd7 6. h4 h5 7. Nh3 b5 8. Ng5 Bb7
9. a4 c6 10. f4 Nh6 11. Be2 e6 12. e5 Nf5 13. Bf2 O-O 14. Nce4 Nb6 15. a5 Nd5
16. exd6 Nxd6 17. Nc5 Bc8 18. O-O Qc7 19. g3 Rd8 20. c3 Nf5 21. Bf3 Rb8 22. b4
Ra8 23. Rac1 Bf6 24. Nge4 Be7 25. Nd3 f6 26. Qe2 Bf8 27. Rfe1 Qf7 28. Kh2 Re8
29. Rg1 Kh7 30. Ne5 Qc7 31. Nxg6 Bh6 32. Bxh5 Rg8 33. c4 bxc4 34. Qxc4 Ng7 35.
Qxd5 Nxh5 36. Qxh5 Rxg6 37. Qc5 Bxf4 38. h5 Rh6 39. gxf4 e5 40. Rg2 Qf7 41. Bh4
Rxh5 42. Kg1 Rxh4 43. dxe5 Bh3 44. Qf2 Rh6 45. exf6 Kh8 46. Rg3 Bf5 47. Rg7
Bxe4 48. Qd4 Qxf6 49. Qxf6 Rxf6 50. Rg4 Rh6 51. Kf2 Re8 52. Rcg1 Rh2+ 53. Kg3
Rb2 54. f5 Bxf5 55. Rh1+ Bh7 56. Rh6 Re3+ 57. Kh4 Rh2+ 58. Kg5 Re5+ 59. Kf6
Rf5+ 0-1

[Event "ShakkiNet"]
[Site "Helsinki"]
[Date "2014.06.10"]
[Round "2.4"]
[White "Kokkila, Tero"]
[Black "Kiik, Kalle"]
[Result "0-1"]
[WhiteElo "2304"]
[BlackElo "2422"]
[PlyCount "104"]
[EventDate "2014.??.??"]

1. e4 c6 2. d4 d5 3. Nc3 dxe4 4. Nxe4 Nf6 5. Nxf6+ exf6 6. Nf3 Na6 7. Bxa6 Qa5+
8. c3 Qxa6 9. Qe2+ Qxe2+ 10. Kxe2 Bd6 11. Be3 Be6 12. Nd2 O-O 13. Ne4 Bc7 14.
Nc5 Bc4+ 15. Kd2 b6 16. Nd3 Rfe8 17. b3 Ba6 18. Bf4 Bxf4+ 19. Nxf4 Re4 20. g3
g5 21. f3 Re7 22. Nd3 Bxd3 23. Kxd3 Rae8 24. Kc4 Re2 25. a4 R8e3 26. Rhc1 Rxf3
27. b4 Kf8 28. Rf1 Rxf1 29. Rxf1 Ke7 30. b5 Re6 31. a5 h5 32. axb6 axb6 33. Ra1
f5 34. Ra7+ Kf6 35. Rc7 cxb5+ 36. Kxb5 f4 37. gxf4 gxf4 38. d5 Rd6 39. c4 f3
40. Ra7 Ke5 41. Re7+ Kf5 42. Re1 Kf4 43. c5 Rxd5 44. Kxb6 f2 45. Rc1 Kf3 46. c6
Rd6 47. Kc7 Rg6 48. Kd7 Kg2 49. c7 Rg8 50. c8=Q Rxc8 51. Kxc8 f1=Q 52. Rxf1
Kxf1 0-1

[Event "ShakkiNet"]
[Site "Helsinki"]
[Date "2014.06.10"]
[Round "2.5"]
[White "Norri, Joose"]
[Black "Ebeling, Daniel"]
[Result "0-1"]
[WhiteElo "2356"]
[BlackElo "2415"]
[PlyCount "70"]
[EventDate "2014.??.??"]

1. d4 Nf6 2. c4 e6 3. Nc3 Bb4 4. e3 c5 5. Bd3 Nc6 6. Nf3 Bxc3+ 7. bxc3 d6 8.
O-O e5 9. Ng5 O-O 10. f4 exd4 11. cxd4 cxd4 12. exd4 h6 13. Nf3 Bg4 14. d5 Nb4
15. Rb1 Qc8 16. Rb3 Qc5+ 17. Kh1 Nxd3 18. Qxd3 Rac8 19. Nd2 Rfe8 20. Ba3 Qa5
21. Ra1 Be2 22. Qd4 Bxc4 23. Rg3 Nh5 24. Bb2 f6 25. Rh3 Bxd5 26. Rxh5 Bxg2+ 27.
Kxg2 Qxh5 28. Rg1 Re2+ 29. Kf1 Rxd2 30. Rxg7+ Kh8 31. Qxd2 Qf3+ 32. Kg1 Kxg7
33. Qxd6 Qe3+ 34. Kf1 Qf3+ 35. Kg1 Rg8 0-1

[Event "ShakkiNet"]
[Site "Helsinki"]
[Date "2014.06.11"]
[Round "3.1"]
[White "Ebeling, Daniel"]
[Black "Yemelin, Vasily"]
[Result "1/2-1/2"]
[WhiteElo "2415"]
[BlackElo "2556"]
[PlyCount "36"]
[EventDate "2014.??.??"]

1. e4 e6 2. d4 d5 3. Nd2 Nc6 4. Ngf3 Nf6 5. e5 Nd7 6. Be2 Be7 7. Nf1 O-O 8. Ne3
f6 9. exf6 Nxf6 10. O-O Bd6 11. Re1 Kh8 12. Bb5 e5 13. Bxc6 e4 14. Bxd5 Nxd5
15. Ne5 Nxe3 16. Bxe3 Qe8 17. Qe2 Bxe5 18. dxe5 Qxe5 1/2-1/2

[Event "ShakkiNet"]
[Site "Helsinki"]
[Date "2014.06.11"]
[Round "3.2"]
[White "Luukkonen, Tommi"]
[Black "Solozhenkin, Evgeniy"]
[Result "0-1"]
[WhiteElo "2348"]
[BlackElo "2457"]
[PlyCount "74"]
[EventDate "2014.??.??"]

1. c4 c5 2. g3 Nc6 3. Bg2 g6 4. Nc3 Bg7 5. Nf3 e5 6. O-O Nge7 7. a3 a5 8. Ne1
O-O 9. Nc2 d6 10. Rb1 Be6 11. d3 d5 12. cxd5 Nxd5 13. Ne3 Nce7 14. Nc4 Rb8 15.
Bg5 f6 16. Bd2 Nxc3 17. Bxc3 a4 18. Qxa4 b5 19. Qa6 Qd7 20. Nd6 Nd5 21. Ne4
Rfc8 22. Qd6 Qf7 23. f4 Rb6 24. Qxb6 Nxb6 25. fxe5 f5 26. Nd6 Qd7 27. Nxc8 Qxc8
28. d4 Nd5 29. Rfd1 Bh6 30. Kh1 Be3 31. dxc5 Nxc3 32. bxc3 Qxc5 33. Rd6 Qxe5
34. Rbd1 Kg7 35. Rc6 Bc5 36. Bf3 Kh6 37. Kg2 Bc4 0-1

[Event "ShakkiNet"]
[Site "Helsinki"]
[Date "2014.06.11"]
[Round "3.3"]
[White "Kanep, Meelis"]
[Black "Norri, Joose"]
[Result "1-0"]
[WhiteElo "2522"]
[BlackElo "2356"]
[PlyCount "49"]
[EventDate "2014.??.??"]

1. d4 d5 2. c4 c6 3. Nf3 Nf6 4. Nc3 dxc4 5. a4 Na6 6. e4 Bg4 7. Bxc4 e6 8. Be3
Nb4 9. O-O Be7 10. h3 Bh5 11. g4 Bg6 12. Ne5 O-O 13. g5 Ne8 14. Nxg6 hxg6 15.
h4 c5 16. dxc5 Qxd1 17. Raxd1 Nc2 18. Bf4 Bxc5 19. Rd7 Nd4 20. Kg2 Nc6 21. Rfd1
Rc8 22. Bb5 Na5 23. Rd8 Nc7 24. Rxc8 Rxc8 25. Bd7 1-0

[Event "ShakkiNet"]
[Site "Helsinki"]
[Date "2014.06.11"]
[Round "3.4"]
[White "Kiik, Kalle"]
[Black "Agopov, Mikael"]
[Result "0-1"]
[WhiteElo "2422"]
[BlackElo "2431"]
[PlyCount "98"]
[EventDate "2014.??.??"]

1. d4 Nf6 2. Bg5 e6 3. e4 h6 4. Bxf6 Qxf6 5. Nf3 d6 6. Nc3 a6 7. Qd2 Nd7 8.
O-O-O Qd8 9. h4 b5 10. h5 Bb7 11. d5 e5 12. g3 Be7 13. Bh3 b4 14. Na4 a5 15.
Kb1 O-O 16. Qe3 Ba6 17. Bf1 Bxf1 18. Rhxf1 f5 19. Nd2 Qe8 20. exf5 Qxh5 21. f3
Qxf5 22. Qe2 Bg5 23. Ne4 Nf6 24. Nxg5 Qxg5 25. Qc4 Rf7 26. Qc6 Raf8 27. Qb5 Nh5
28. Qxa5 Nxg3 29. Rfe1 Qf4 30. c3 bxc3 31. Nxc3 Qxf3 32. Qb5 e4 33. a4 e3 34.
a5 Ne4 35. Nxe4 Qxe4+ 36. Ka2 Rf4 37. Rd3 e2 38. Rc3 Qa4+ 39. Qxa4 Rxa4+ 40.
Ra3 Re4 41. Kb3 Rf3+ 42. Kc2 Rc4+ 43. Kd2 Rxa3 44. bxa3 Rc5 45. Rxe2 Rxd5+ 46.
Kc3 Rxa5 47. Kb4 Ra7 48. a4 h5 49. a5 Kh7 0-1

[Event "ShakkiNet"]
[Site "Helsinki"]
[Date "2014.06.11"]
[Round "3.5"]
[White "Järvenpää, Jari"]
[Black "Kokkila, Tero"]
[Result "0-1"]
[WhiteElo "2285"]
[BlackElo "2304"]
[PlyCount "162"]
[EventDate "2014.??.??"]

1. e4 e5 2. Nf3 Nc6 3. Bb5 Nf6 4. Qe2 d6 5. d4 Bd7 6. dxe5 Nxe5 7. Nc3 c6 8.
Ba4 Be7 9. Nd4 Qb6 10. Nf5 Bxf5 11. exf5 O-O 12. Bb3 Rfe8 13. O-O Qc7 14. Bg5
d5 15. Rae1 Ned7 16. Qf3 Bd6 17. Qh3 Bf4 18. Qh4 Bxg5 19. Qxg5 Re5 20. Qf4 Rae8
21. h3 h5 22. Re3 Qb8 23. Rg3 Qd6 24. Qg5 Qf8 25. Qf4 Nh7 26. Nd1 Re4 27. Qd2
h4 28. Re3 Nc5 29. Rfe1 Qd6 30. Nc3 Rxe3 31. Rxe3 Re5 32. Qd4 Rxf5 33. Re8+ Nf8
34. Qxh4 Re5 35. Qg3 Ncd7 36. Kh2 Qf6 37. Ra8 Rg5 38. Qf3 Qxf3 39. gxf3 Ne5 40.
h4 Nxf3+ 41. Kh3 Ng1+ 42. Kh2 Rg4 43. h5 Nf3+ 44. Kh3 Rg5 45. Ne2 g6 46. Ng3
gxh5 47. Nxh5 Ng1+ 48. Kh4 Nf3+ 49. Kh3 a6 50. c3 Ne5 51. Nf6+ Kg7 52. f4 Rf5
53. fxe5 Rxe5 54. Ng4 Re2 55. Rb8 b5 56. Rb7 Ne6 57. Bd1 Rxb2 58. Ne5 Kf6 59.
Nxc6 Rxa2 60. Nb4 Rd2 61. Bb3 Ke5 62. Kg3 Nc5 63. Rxf7 Nxb3 64. Nxa6 Rd3+ 65.
Rf3 Ke4 66. Rxd3 Kxd3 67. Nc7 Kc4 68. Kf4 Nc1 69. Ke5 Nd3+ 70. Kd6 Nf4 71. Ke5
Ng6+ 72. Kd6 d4 73. cxd4 b4 74. Na8 b3 75. Nb6+ Kxd4 76. Na4 Ne5 77. Kc7 Kc4
78. Nb2+ Kc3 79. Nd1+ Kc2 80. Ne3+ Kd2 81. Nd5 b2 0-1

[Event "ShakkiNet"]
[Site "Helsinki"]
[Date "2014.06.12"]
[Round "4.1"]
[White "Kanep, Meelis"]
[Black "Luukkonen, Tommi"]
[Result "1/2-1/2"]
[WhiteElo "2522"]
[BlackElo "2348"]
[PlyCount "80"]
[EventDate "2014.??.??"]

1. d4 Nf6 2. Nf3 g6 3. Bg5 Bg7 4. e3 c5 5. Nbd2 cxd4 6. exd4 O-O 7. Bd3 h6 8.
Bh4 Nh5 9. O-O Nf4 10. Bc4 d5 11. Bb3 Nc6 12. c3 Bg4 13. h3 Bh5 14. Bg3 g5 15.
Re1 b5 16. Bxf4 gxf4 17. Qe2 Rb8 18. Bd1 e5 19. dxe5 Nxe5 20. Rc1 Nc6 21. Qf1
b4 22. Nb3 Bg6 23. Nbd4 Nxd4 24. Nxd4 bxc3 25. bxc3 Rb2 26. Qa6 Be4 27. Qa3 Qb6
28. Bf3 Bxd4 29. cxd4 Qxd4 30. Rf1 Rd2 31. Rcd1 Qb2 32. Qxa7 Bxf3 33. gxf3 Rxd1
34. Rxd1 Qe2 35. Qd4 Re8 36. Kh2 Re5 37. Rd2 Qe1 38. Rd1 Qe2 39. Rd2 Qe1 40.
Rd1 Qe2 1/2-1/2

[Event "ShakkiNet"]
[Site "Helsinki"]
[Date "2014.06.12"]
[Round "4.2"]
[White "Norri, Joose"]
[Black "Yemelin, Vasily"]
[Result "1/2-1/2"]
[WhiteElo "2356"]
[BlackElo "2556"]
[PlyCount "50"]
[EventDate "2014.??.??"]

1. d4 e6 2. c4 Bb4+ 3. Nc3 b6 4. e3 Bxc3+ 5. bxc3 c5 6. Bd3 Nc6 7. Nh3 Nf6 8.
e4 d6 9. f4 cxd4 10. cxd4 e5 11. d5 Bxh3 12. gxh3 Nd4 13. O-O O-O 14. Bb2 Nd7
15. Qg4 Nc5 16. Rad1 Qc8 17. fxe5 dxe5 18. Qg3 f6 19. Kh1 Qa6 20. Rf2 Rac8 21.
Rg1 Qb7 22. Qe3 b5 23. Bxd4 Nxd3 24. Qxd3 bxc4 25. Qc3 exd4 1/2-1/2

[Event "ShakkiNet"]
[Site "Helsinki"]
[Date "2014.06.12"]
[Round "4.3"]
[White "Solozhenkin, Evgeniy"]
[Black "Kiik, Kalle"]
[Result "1/2-1/2"]
[WhiteElo "2457"]
[BlackElo "2422"]
[PlyCount "199"]
[EventDate "2014.??.??"]

1. d4 d6 2. Nf3 Nf6 3. c4 c6 4. g3 Be6 5. Nbd2 g6 6. Bg2 Bg7 7. O-O O-O 8. e4
Na6 9. h3 h6 10. a3 d5 11. cxd5 cxd5 12. e5 Ne4 13. Qe2 Nxd2 14. Bxd2 Qd7 15.
Kh2 Nb8 16. Be3 Nc6 17. Qd2 Kh7 18. b4 a5 19. Rfc1 axb4 20. axb4 Rxa1 21. Rxa1
b6 22. Bf1 Bf5 23. Nh4 Be6 24. f4 f5 25. Bb5 Bf7 26. Rc1 Rc8 27. Qc2 Be8 28.
Qa4 e6 29. Qa6 Qd8 30. Bxc6 Bxc6 31. Qa7 Ra8 32. Qf7 Qe8 33. Qxg6+ Qxg6 34.
Nxg6 Ra2+ 35. Kg1 Bb5 36. Ne7 Bc4 37. b5 Bf8 38. Nc8 Ba3 39. Rd1 Bb3 40. Re1
Bc4 41. Nxb6 Bxb5 42. Rb1 Bd3 43. Rb3 Be4 44. g4 Be7 45. Rc3 fxg4 46. hxg4 Rg2+
47. Kf1 Rxg4 48. Rc7 Rg7 49. Nd7 Bf5 50. Nc5 Bh4 51. Rxg7+ Kxg7 52. Bf2 Be7 53.
Kg2 Kg6 54. Kg3 h5 55. Nd7 Bg4 56. Nf6 Kf5 57. Ng8 Bf8 58. Bg1 Bd1 59. Bf2 Bb4
60. Nh6+ Ke4 61. Nf7 Kf5 62. Nd6+ Kg6 63. Kh4 Bd2 64. Kg3 Ba5 65. Kh3 Ba4 66.
Kg3 Bd2 67. Bg1 Bd1 68. Bf2 Be2 69. Ne8 Bc1 70. Nd6 h4+ 71. Kxh4 Bxf4 72. Bg1
Kg7 73. Kh3 Bf3 74. Bf2 Kf8 75. Nb7 Bh5 76. Kh4 Bg6 77. Kg4 Bd2 78. Nc5 Bf5+
79. Kf3 Kf7 80. Be3 Bc3 81. Nb7 Kg6 82. Nd6 Bd3 83. Ne8 Bc2 84. Ke2 Ba4 85. Nd6
Kh5 86. Kf3 Kh4 87. Nf7 Bd1+ 88. Kf4 Bc2 89. Ng5 Bf5 90. Bf2+ Kh5 91. Nf7 Bd2+
92. Be3 Be1 93. Nd6 Bh3 94. Kf3 Bg4+ 95. Kf4 Kh4 96. Bg1 Bg3+ 97. Ke3 Kh3 98.
Bf2 Bh2 99. Ne8 Bf5 100. Nf6 1/2-1/2

[Event "ShakkiNet"]
[Site "Helsinki"]
[Date "2014.06.12"]
[Round "4.4"]
[White "Kokkila, Tero"]
[Black "Ebeling, Daniel"]
[Result "1/2-1/2"]
[WhiteElo "2304"]
[BlackElo "2415"]
[PlyCount "67"]
[EventDate "2014.??.??"]

1. e4 c5 2. Nf3 Nc6 3. Nc3 Nf6 4. d4 cxd4 5. Nxd4 e5 6. Ndb5 d6 7. Bg5 a6 8.
Na3 b5 9. Nd5 Be7 10. Bxf6 Bxf6 11. c4 b4 12. Nc2 O-O 13. g3 Bg5 14. h4 Bh6 15.
Bh3 Be6 16. Kf1 a5 17. Kg2 Ne7 18. Nxe7+ Qxe7 19. Qd3 Qc7 20. b3 Qc5 21. a3
bxa3 22. Bxe6 fxe6 23. f3 Rfc8 24. Nxa3 a4 25. Nb5 axb3 26. Qxb3 Rab8 27. Rhd1
Rd8 28. Rab1 Be3 29. Qd3 Rb6 30. Rb3 Bf2 31. Qc2 Bd4 32. Qd3 Bf2 33. Qc2 Bd4
34. Qd3 1/2-1/2

[Event "ShakkiNet"]
[Site "Helsinki"]
[Date "2014.06.12"]
[Round "4.5"]
[White "Agopov, Mikael"]
[Black "Järvenpää, Jari"]
[Result "1-0"]
[WhiteElo "2431"]
[BlackElo "2285"]
[PlyCount "55"]
[EventDate "2014.??.??"]

1. e4 c6 2. d4 d5 3. e5 c5 4. dxc5 e6 5. a3 Qc7 6. Nf3 Bxc5 7. b4 Be7 8. Bb2 a5
9. b5 Nd7 10. Bd3 Nh6 11. O-O b6 12. Nbd2 Nc5 13. a4 Bb7 14. Re1 Nxd3 15. cxd3
Nf5 16. Rc1 Qd7 17. Nd4 g6 18. Nxf5 gxf5 19. Bd4 Bd8 20. Qh5 Qe7 21. Nf3 h6 22.
h3 Qa3 23. Rc3 Qf8 24. Nh4 Ke7 25. Rec1 Ke8 26. Rc7 Bxc7 27. Rxc7 Bc8 28. Ng6
1-0

[Event "ShakkiNet"]
[Site "Helsinki"]
[Date "2014.06.13"]
[Round "5.1"]
[White "Yemelin, Vasily"]
[Black "Kokkila, Tero"]
[Result "1-0"]
[WhiteElo "2556"]
[BlackElo "2304"]
[PlyCount "61"]
[EventDate "2014.??.??"]

1. e4 e6 2. d3 d5 3. Nd2 Nf6 4. g3 dxe4 5. dxe4 Bc5 6. Bg2 Nc6 7. Ngf3 e5 8.
O-O O-O 9. c3 a5 10. Qc2 b5 11. a4 Ba6 12. Nb3 Bd6 13. axb5 Bxb5 14. c4 Nb4 15.
Qe2 a4 16. cxb5 axb3 17. Bd2 Nc2 18. Ra6 Nd7 19. Bc3 Qe7 20. Nd2 Qe6 21. Nc4
Rxa6 22. bxa6 Ra8 23. Rd1 Bc5 24. Qd3 Bd4 25. Bxd4 Nxd4 26. Nxe5 c5 27. Nf3 Ne5
28. Nxd4 Nxd3 29. Nxe6 c4 30. Nc7 Ra7 31. Bf1 1-0

[Event "ShakkiNet"]
[Site "Helsinki"]
[Date "2014.06.13"]
[Round "5.3"]
[White "Järvenpää, Jari"]
[Black "Solozhenkin, Evgeniy"]
[Result "1/2-1/2"]
[WhiteElo "2285"]
[BlackElo "2457"]
[PlyCount "163"]
[EventDate "2014.??.??"]

1. e4 Nf6 2. e5 Nd5 3. d4 d6 4. Nf3 Bg4 5. Be2 e6 6. O-O Be7 7. c4 Nb6 8. h3
Bh5 9. Nc3 O-O 10. Be3 d5 11. c5 N6d7 12. b4 f6 13. exf6 Bxf6 14. g4 Bf7 15. g5
Be7 16. Qd2 Nc6 17. a3 Bh5 18. Nh2 Bxe2 19. Nxe2 e5 20. f4 exd4 21. Nxd4 Nxd4
22. Bxd4 c6 23. Bb2 Re8 24. Qc3 Bf8 25. Ng4 Re4 26. Nh6+ gxh6 27. Qh8+ Kf7 28.
Qxh7+ Ke8 29. Qg6+ Ke7 30. gxh6 Bxh6 31. Qh7+ Ke8 32. Qxh6 Qe7 33. Qh5+ Qf7 34.
Qh8+ Ke7 35. Qh4+ Nf6 36. Rae1 Qg6+ 37. Kh2 Rg8 38. Qg5 Kf7 39. Qxg6+ Rxg6 40.
f5 Rh6 41. Rxe4 Nxe4 42. Rg1 Nf6 43. Rg5 Rh7 44. Rg6 Ne4 45. Bd4 Kf8 46. Rg4
Rf7 47. Rf4 Nf6 48. Rh4 Ne4 49. Rh8+ Ke7 50. Rb8 Rxf5 51. Rxb7+ Kd8 52. Rxa7
Ng5 53. Bg7 Ne6 54. h4 d4 55. Bh6 Rh5 56. Bd2 Rxh4+ 57. Kg3 Rh1 58. Rf7 Rd1 59.
Rf2 Kd7 60. a4 Ra1 61. a5 Ra2 62. Kf3 Nc7 63. Ke4 Nd5 64. b5 Nc3+ 65. Kxd4
Nxb5+ 66. Ke5 Rc2 67. Be3 Rxf2 68. Bxf2 Kc7 69. Be1 Kb7 70. Bd2 Nc7 71. Kd6 Na6
72. Be3 Nb4 73. Bd2 Na6 74. Bc3 Nc7 75. Be1 Na6 76. Bc3 Nc7 77. Be1 Na6 78. Bc3
Nc7 79. Be1 Na6 80. Bc3 Nc7 81. Be1 Na6 82. Bc3 1/2-1/2

[Event "ShakkiNet"]
[Site "Helsinki"]
[Date "2014.06.13"]
[Round "5.4"]
[White "Ebeling, Daniel"]
[Black "Agopov, Mikael"]
[Result "1-0"]
[WhiteElo "2415"]
[BlackElo "2431"]
[PlyCount "61"]
[EventDate "2014.??.??"]

1. Nf3 c5 2. c4 Nc6 3. Nc3 g6 4. e3 Nf6 5. d4 cxd4 6. exd4 d5 7. cxd5 Nxd5 8.
Qb3 Nxc3 9. Bc4 Nd5 10. Bxd5 e6 11. Bxc6+ bxc6 12. O-O Bg7 13. Bf4 O-O 14. Rfc1
Qd5 15. Qe3 Qb5 16. b3 a5 17. Rc5 Qb7 18. Rac1 a4 19. Rxc6 axb3 20. axb3 Qb5
21. R6c5 Qb4 22. Bh6 Rd8 23. Bxg7 Kxg7 24. Rh5 Bb7 25. Qh6+ Kf6 26. Qg5+ Kg7
27. Qh6+ Kf6 28. Qf4+ Kg7 29. Rxh7+ Kxh7 30. Qxf7+ Kh8 31. Ng5 1-0

[Event "ShakkiNet"]
[Site "Helsinki"]
[Date "2014.06.13"]
[Round "5.5"]
[White "Luukkonen, Tommi"]
[Black "Norri, Joose"]
[Result "0-1"]
[WhiteElo "2348"]
[BlackElo "2356"]
[PlyCount "80"]
[EventDate "2014.??.??"]

1. c4 e5 2. g3 Nf6 3. Bg2 Bc5 4. Nc3 O-O 5. Nf3 d6 6. d4 exd4 7. Nxd4 Nbd7 8.
O-O Ne5 9. b3 a6 10. h3 Rb8 11. Kh2 Bd7 12. a4 Re8 13. e4 Nc6 14. Nc2 Nb4 15.
Nxb4 Bxb4 16. Nd5 Nxd5 17. cxd5 Qf6 18. Be3 c5 19. f4 b5 20. e5 Qe7 21. axb5
Bxb5 22. Rf2 Kh8 23. Rc1 Rbd8 24. Be4 dxe5 25. f5 f6 26. g4 Rd7 27. Qf3 Bd3 28.
Rd1 Bxe4 29. Qxe4 Qf7 30. g5 Red8 31. d6 Rxd6 32. Rg1 Bd2 33. gxf6 Qxf6 34.
Bxc5 Rd3 35. Qg4 Bf4+ 36. Kh1 Rxb3 37. Rfg2 Rdd3 38. Rd1 Rxh3+ 39. Kg1 Rbg3 40.
Rb1 h5 0-1

[Event "ShakkiNet"]
[Site "Helsinki"]
[Date "2014.06.14"]
[Round "6.1"]
[White "Agopov, Mikael"]
[Black "Yemelin, Vasily"]
[Result "1/2-1/2"]
[WhiteElo "2431"]
[BlackElo "2556"]
[PlyCount "73"]
[EventDate "2014.??.??"]

1. d4 Nf6 2. c4 e6 3. Nc3 Bb4 4. Nf3 d6 5. e3 Bxc3+ 6. bxc3 O-O 7. Bd3 Nc6 8.
e4 e5 9. O-O Bg4 10. d5 Nb8 11. h3 Bh5 12. g4 Bg6 13. Nd2 c6 14. Qe2 Nbd7 15.
Ba3 Qc7 16. Rab1 Rfd8 17. Rb3 b5 18. dxc6 bxc4 19. Nxc4 Nb6 20. Na5 d5 21. f3
h5 22. Nb7 hxg4 23. hxg4 dxe4 24. Bxe4 Nxe4 25. fxe4 Re8 26. Na5 Rad8 27. Rb5
Re6 28. Bb4 Qc8 29. Nb7 Rde8 30. Nd6 Rxd6 31. Bxd6 Qxc6 32. Rxe5 Rd8 33. Be7
Re8 34. Bd6 Rd8 35. Be7 Re8 36. Bd6 Rd8 37. Be7 1/2-1/2